[Event "Groningen 2009 - Open A"]
[Site "Groningen NED"]
[Date "2009.12.27"]
[Round "6.11"]
[White "Caspi, Israel"]
[Black "Baklan, Vladimir"]
[Result "0-1"]
[WhiteElo "2423"]
[BlackElo "2655"]
[PlyCount "108"]
[EventDate "2009.12.21"]
[EventType "swiss"]
[EventRounds "9"]
[EventCountry "NED"]
[Source "lmi"]
[SourceDate "2009.12.21"]

1. e4 c5 2. Nf3 d6 3. d4 cxd4 4. Nxd4 Nf6 5. Nc3 a6 6. Be3 e5 7. Nb3 Be6 8. Qd2
Nbd7 9. f3 b5 10. O-O-O b4 11. Nd5 Bxd5 12. exd5 Nb6 13. Qxb4 Nfxd5 14. Bxb6
Nxb4 15. Bxd8 Kxd8 16. Na5 Kc7 17. a3 Nc6 18. Nxc6 Kxc6 19. Bc4 Ra7 20. Rd3 f6
21. Rhd1 Kd7 22. Rb3 Be7 23. Rb6 a5 24. Rd3 Rc8 25. Ba6 Rca8 26. Bb5+ Kc7 27.
Rc6+ Kd8 28. Rdc3 d5 29. Rd3 d4 30. c3 Rb8 31. Ba4 Rab7 32. Rd2 Rxb2 33. cxd4
Rxd2 34. Kxd2 exd4 35. Kd3 Bxa3 36. Kxd4 Rb2 37. Rc2 Rb1 38. Kd5 Re1 39. Kc6
Bb4 40. Rc4 f5 41. Rh4 h6 42. Rh5 Re5 43. f4 Rc5+ 44. Kb6 Ke7 45. g4 Kd6 46. g5
hxg5 47. Rxg5 Bc3 48. Rg3 Bd4 49. Rg6+ Kd5 50. Ka6 Ke4 51. Bb5 Rc2 52. Rg5 Rxh2
53. Bd7 a4 54. Rxf5 a3 0-1

[Event "Groningen 2009 - Open A"]
[Site "Groningen NED"]
[Date "2009.12.27"]
[Round "6.12"]
[White "Theulings, Paul-Peter"]
[Black "Deviatkin, Andrei"]
[Result "0-1"]
[WhiteElo "2135"]
[BlackElo "2608"]
[PlyCount "42"]
[EventDate "2009.12.21"]
[EventType "swiss"]
[EventRounds "9"]
[EventCountry "NED"]
[Source "lmi"]
[SourceDate "2009.12.21"]

1. Nf3 d5 2. d4 Nf6 3. c4 e6 4. Nc3 Bb4 5. Bg5 c5 6. cxd5 exd5 7. Qc2 cxd4 8.
Nxd4 Nc6 9. O-O-O h6 10. Bxf6 Qxf6 11. Ndb5 O-O 12. e3 Bxc3 13. Nxc3 Be6 14.
Bd3 Rac8 15. Qd2 Rfd8 16. Kb1 Nb4 17. Bc2 d4 18. exd4 Nxc2 19. Kxc2 Qg6+ 20.
Kc1 b5 21. b4 Rxc3+ 0-1

[Event "Groningen 2009 - Open A"]
[Site "Groningen NED"]
[Date "2009.12.27"]
[Round "6.13"]
[White "Heemskerk, Wim"]
[Black "Kleijn, Christov"]
[Result "0-1"]
[WhiteElo "2236"]
[BlackElo "2383"]
[PlyCount "78"]
[EventDate "2009.12.21"]
[EventType "swiss"]
[EventRounds "9"]
[EventCountry "NED"]
[Source "lmi"]
[SourceDate "2009.12.21"]

1. Nf3 Nf6 2. c4 g6 3. g3 Bg7 4. Nc3 O-O 5. Bg2 d6 6. O-O e5 7. d3 Nc6 8. Rb1
a5 9. a3 Bd7 10. Bg5 h6 11. Bxf6 Bxf6 12. b4 axb4 13. axb4 Bg7 14. b5 Ne7 15.
Qb3 Be6 16. Nd2 c6 17. Ra1 Qd7 18. Ra4 d5 19. Rfa1 Rxa4 20. Rxa4 e4 21. bxc6
bxc6 22. Qa3 exd3 23. exd3 dxc4 24. Nce4 c3 25. Ra7 cxd2 26. Nxd2 Bb2 27. Qxe7
Qxd3 28. Nf1 Bd4 29. Ra3 Qd1 30. Qh4 Qc1 31. Ra6 c5 32. Qe4 Bf5 33. Qe2 c4 34.
Rc6 c3 35. g4 Qb2 36. Bf3 Bd3 37. Qe1 c2 38. Qd2 Qb1 39. Bg2 Bb2 0-1

[Event "Groningen 2009 - Open A"]
[Site "Groningen NED"]
[Date "2009.12.27"]
[Round "6.14"]
[White "Racherbaeumer, Marcel"]
[Black "Genova, Lyubka"]
[Result "1-0"]
[WhiteElo "2301"]
[BlackElo "2263"]
[PlyCount "127"]
[EventDate "2009.12.21"]
[EventType "swiss"]
[EventRounds "9"]
[EventCountry "NED"]
[Source "lmi"]
[SourceDate "2009.12.21"]

1. e4 c5 2. Nf3 e6 3. c3 Nf6 4. e5 Nd5 5. d4 cxd4 6. cxd4 d6 7. a3 Bd7 8. Bd3
Bc6 9. O-O Nd7 10. Re1 Qc7 11. Bg5 h6 12. Bh4 Nf4 13. Be4 Bxe4 14. Rxe4 dxe5
15. dxe5 Ng6 16. Bg3 Be7 17. Nbd2 Nb6 18. Rc1 Qb8 19. h4 Bd8 20. Rd4 O-O 21.
Ne4 Bc7 22. Nd6 Ne7 23. Bh2 Nbd5 24. h5 Nc6 25. Rg4 f5 26. Rg6 Bxd6 27. Rxe6
Nf6 28. exd6 Qd8 29. Ne5 Qc8 30. d7 Qd8 31. Nxc6 bxc6 32. Rd6 Rf7 33. Rcxc6
Rxd7 34. Rxd7 Qxd7 35. Qxd7 Nxd7 36. Kf1 Kf7 37. Ra6 Nf6 38. Be5 Nxh5 39. Bd4
Rd8 40. Rxa7+ Kg6 41. Be5 f4 42. b4 Rd5 43. Ra5 Rd7 44. Ke2 Kf7 45. Rc5 Ke6 46.
Rc7 f3+ 47. gxf3 Rd8 48. f4 Ra8 49. Rc3 g5 50. Re3 g4 51. Rd3 Kf5 52. b5 Nxf4+
53. Bxf4 Kxf4 54. b6 h5 55. b7 Rb8 56. Rd7 h4 57. Kf1 h3 58. Kg1 Kf3 59. Rf7+
Ke4 60. a4 Kd5 61. a5 Kc6 62. a6 Kb6 63. Rf6+ Ka7 64. Rc6 1-0

[Event "Groningen 2009 - Open A"]
[Site "Groningen NED"]
[Date "2009.12.27"]
[Round "6.15"]
[White "Nabuurs, Joep"]
[Black "Pruijssers, Roeland"]
[Result "0-1"]
[WhiteElo "2191"]
[BlackElo "2413"]
[PlyCount "62"]
[EventDate "2009.12.21"]
[EventType "swiss"]
[EventRounds "9"]
[EventCountry "NED"]
[Source "lmi"]
[SourceDate "2009.12.21"]

1. e4 e5 2. f4 exf4 3. Be2 Nc6 4. d4 g5 5. h4 Bg7 6. c3 h6 7. g3 fxg3 8. hxg5
hxg5 9. Rxh8 Bxh8 10. Qd3 d6 11. Qxg3 Bf6 12. Be3 g4 13. Qf4 Bh4+ 14. Kd1 Ne5
15. Qh2 Ng6 16. Nd2 f5 17. exf5 Bxf5 18. Qg2 Qc8 19. a4 Nf6 20. a5 a6 21. Ra3
d5 22. b4 Qe6 23. c4 c6 24. b5 axb5 25. cxb5 cxb5 26. Bxb5+ Kf7 27. Ne2 Rc8 28.
Ba4 Qe7 29. Rc3 Rxc3 30. Nxc3 Qxe3 31. Nxd5 Qe1# 0-1

[Event "Groningen 2009 - Open A"]
[Site "Groningen NED"]
[Date "2009.12.27"]
[Round "6.16"]
[White "Klein, David"]
[Black "Wiel van der, John"]
[Result "1/2-1/2"]
[WhiteElo "2262"]
[BlackElo "2475"]
[PlyCount "62"]
[EventDate "2009.12.21"]
[EventType "swiss"]
[EventRounds "9"]
[EventCountry "NED"]
[Source "lmi"]
[SourceDate "2009.12.21"]

1. e4 c5 2. Nf3 d6 3. d4 cxd4 4. Nxd4 Nf6 5. Nc3 a6 6. h3 e6 7. g4 d5 8. exd5
Nxd5 9. Nde2 Bb4 10. Bg2 O-O 11. O-O Nxc3 12. Nxc3 Qc7 13. Qf3 Bd6 14. Be3 Nd7
15. Ne4 Be5 16. c3 Rb8 17. Qe2 Nf6 18. Nxf6+ Bxf6 19. Rad1 b5 20. Rd2 Bb7 21.
Rfd1 Bxg2 22. Kxg2 Rfd8 23. Qf3 Rxd2 24. Rxd2 Be5 25. Qe4 h6 26. Bd4 Bf4 27.
Be3 Be5 28. Bd4 Bf4 29. Be3 Bxe3 30. Qxe3 Rc8 31. Qe4 g6 1/2-1/2

[Event "Groningen 2009 - Open A"]
[Site "Groningen NED"]
[Date "2009.12.27"]
[Round "6.17"]
[White "Hoffmann, Michael"]
[Black "Mostertman, Milan"]
[Result "1-0"]
[WhiteElo "2509"]
[BlackElo "2169"]
[PlyCount "41"]
[EventDate "2009.12.21"]
[EventType "swiss"]
[EventRounds "9"]
[EventCountry "NED"]
[Source "lmi"]
[SourceDate "2009.12.21"]

1. Nf3 Nf6 2. c4 c6 3. Nc3 d5 4. e3 g6 5. d4 Bg7 6. Bd3 O-O 7. O-O a6 8. a4
dxc4 9. Bxc4 Bf5 10. Qb3 Qc7 11. Ng5 e6 12. e4 Bg4 13. h3 h6 14. Nxf7 Rxf7 15.
hxg4 Nxg4 16. e5 Bxe5 17. Bxe6 Bh2+ 18. Kh1 Bg1 19. g3 Bxf2 20. Bf4 Qa5 21.
Bxg4 1-0

[Event "Groningen 2009 - Open A"]
[Site "Groningen NED"]
[Date "2009.12.27"]
[Round "6.18"]
[White "Pijpers, Arthur"]
[Black "Hoeksema, Erik"]
[Result "1-0"]
[WhiteElo "2201"]
[BlackElo "2331"]
[PlyCount "87"]
[EventDate "2009.12.21"]
[EventType "swiss"]
[EventRounds "9"]
[EventCountry "NED"]
[Source "lmi"]
[SourceDate "2009.12.21"]

1. e4 g6 2. d4 Bg7 3. Nc3 d6 4. Be3 a6 5. Qd2 Nd7 6. h4 h5 7. Nh3 b5 8. Ng5 Bb7
9. a4 c6 10. Bd3 Ngf6 11. f3 O-O 12. Ne2 e5 13. c3 d5 14. O-O Re8 15. g3 Qc7
16. b4 dxe4 17. fxe4 Re7 18. axb5 cxb5 19. d5 Ng4 20. Rf3 Nxe3 21. Rxe3 Nf6 22.
Kg2 Rf8 23. Ng1 Ng4 24. Rf3 Bh6 25. Qe1 Bc8 26. Bc2 Qd6 27. Bb3 Rc7 28. N1h3
Nf6 29. Nf2 Bxg5 30. hxg5 Nh7 31. Qd2 Qd8 32. Rd1 Nxg5 33. Re3 Qd6 34. Nd3 Bg4
35. Rc1 Qf6 36. Qf2 Bh3+ 37. Kg1 Bf5 38. Kh2 Nh3 39. Qf3 Ng5 40. Qf1 Qb6 41.
Nc5 Rxc5 42. bxc5 Qxc5 43. Rce1 Bg4 44. Qf6 1-0

[Event "Groningen 2009 - Open A"]
[Site "Groningen NED"]
[Date "2009.12.27"]
[Round "6.19"]
[White "Poetsch, Hagen"]
[Black "Hertog ten, Hugo"]
[Result "1-0"]
[WhiteElo "2361"]
[BlackElo "2159"]
[PlyCount "85"]
[EventDate "2009.12.21"]
[EventType "swiss"]
[EventRounds "9"]
[EventCountry "NED"]
[Source "lmi"]
[SourceDate "2009.12.21"]

1. e4 c5 2. Nf3 d6 3. d4 cxd4 4. Nxd4 Nf6 5. Nc3 a6 6. Bg5 e6 7. f4 Nc6 8. Nb3
h6 9. Bh4 Be7 10. Bf2 b5 11. Bd3 Bb7 12. a3 Qc7 13. Qe2 Rc8 14. O-O h5 15. Bh4
Ng4 16. Bxe7 Qb6+ 17. Kh1 Nxe7 18. a4 b4 19. Nd1 Ng6 20. a5 Qd8 21. Ra4 Qh4 22.
g3 Qh3 23. Rxb4 Ba8 24. Qg2 Qxg2+ 25. Kxg2 d5 26. e5 d4+ 27. Kh3 Ne7 28. Nxd4
Nd5 29. Rb3 Ke7 30. Bxa6 f5 31. exf6+ gxf6 32. Bxc8 Rxc8 33. Re1 Kf7 34. a6 e5
35. fxe5 fxe5 36. Nf3 Kf6 37. Rf1 Kg6 38. Nh4+ Kh6 39. Nf5+ Kg5 40. Nfe3 Rc5
41. Rf8 Nf4+ 42. gxf4+ exf4 43. Rg8+ 1-0

[Event "Groningen 2009 - Open A"]
[Site "Groningen NED"]
[Date "2009.12.27"]
[Round "6.20"]
[White "Haast, Anne"]
[Black "Donker, Roel"]
[Result "1-0"]
[WhiteElo "2251"]
[BlackElo "2140"]
[PlyCount "115"]
[EventDate "2009.12.21"]
[EventType "swiss"]
[EventRounds "9"]
[EventCountry "NED"]
[Source "lmi"]
[SourceDate "2009.12.21"]

1. e4 c5 2. Nf3 d6 3. d4 cxd4 4. Nxd4 Nf6 5. Nc3 g6 6. Be3 Bg7 7. f3 Nc6 8. Qd2
O-O 9. O-O-O d5 10. exd5 Nxd5 11. Nxc6 bxc6 12. Bd4 e5 13. Bc5 Be6 14. Ne4 Rb8
15. Bc4 Qc8 16. g4 Qb7 17. b3 Rfd8 18. h4 h6 19. g5 h5 20. Qa5 Qc7 21. Qxc7
Nxc7 22. Bxa7 Rxd1+ 23. Rxd1 Ra8 24. Bxe6 Nxe6 25. Rd7 Nf8 26. Rb7 Nh7 27. a4
f6 28. gxf6 Nxf6 29. a5 Nxe4 30. fxe4 Kh7 31. a6 g5 32. Bb8 Kg6 33. a7 gxh4 34.
Rd7 h3 35. Rd3 Bh6+ 36. Kd1 h2 37. Rg3+ Bg5 38. Rh3 Be3 39. Rxh2 Bxa7 40. Bxe5
Re8 41. Rg2+ Kh7 42. Rg7+ Kh6 43. Bf6 Bb8 44. Re7 Rxe7 45. Bxe7 Bg3 46. Ke2 h4
47. Kf3 Kh5 48. b4 Be5 49. c4 h3 50. c5 Kg6 51. Bd6 h2 52. Kg2 Bc3 53. b5 cxb5
54. c6 Ba5 55. c7 Bxc7 56. Bxc7 Kf6 57. Kxh2 b4 58. Kg3 1-0

[Event "Groningen 2009 - Open A"]
[Site "Groningen NED"]
[Date "2009.12.27"]
[Round "6.21"]
[White "Bijlsma, Nick"]
[Black "Afek, Yochanan"]
[Result "1-0"]
[WhiteElo "2075"]
[BlackElo "2285"]
[PlyCount "95"]
[EventDate "2009.12.21"]
[EventType "swiss"]
[EventRounds "9"]
[EventCountry "NED"]
[Source "lmi"]
[SourceDate "2009.12.21"]

1. e4 d5 2. exd5 Qxd5 3. Nc3 Qd6 4. d4 Nf6 5. Nf3 g6 6. Be3 Bg7 7. Qd2 O-O 8.
Be2 Nc6 9. O-O-O a6 10. Bf4 Qd8 11. d5 Na7 12. Ne5 Nb5 13. Bf3 Nd7 14. Rhe1
Nxe5 15. Bxe5 Bxe5 16. Rxe5 Qd6 17. Rde1 Re8 18. R5e3 Bd7 19. Ne4 Qb6 20. Rb3
Qa7 21. Ng5 Nd6 22. Qf4 Qxf2 23. Rbe3 h6 24. Ne6 Nf5 25. R3e2 Qb6 26. Nxc7 Qa5
27. Nxa8 Rxa8 28. Kb1 Bb5 29. c4 Ba4 30. g4 Nd6 31. Rxe7 Re8 32. Rxe8+ Bxe8 33.
Re2 Qc5 34. b3 Bd7 35. Qe3 Qb4 36. Qe7 Qc3 37. Qxd6 Qxf3 38. Qe5 Bxg4 39. Qe8+
Kh7 40. Re7 Qd1+ 41. Kb2 Qd2+ 42. Ka3 h5 43. Qxf7+ Kh6 44. Qg7+ Kg5 45. Qe5+
Kh4 46. Qg3+ Kg5 47. Qe3+ Qxe3 48. Rxe3 1-0

[Event "Groningen 2009 - Open A"]
[Site "Groningen NED"]
[Date "2009.12.27"]
[Round "6.22"]
[White "Berkovich, Mark A"]
[Black "Sparenberg, Erik"]
[Result "1-0"]
[WhiteElo "2406"]
[BlackElo "2072"]
[PlyCount "99"]
[EventDate "2009.12.21"]
[EventType "swiss"]
[EventRounds "9"]
[EventCountry "NED"]
[Source "lmi"]
[SourceDate "2009.12.21"]

1. d4 Nf6 2. Nf3 g6 3. Bg5 Bg7 4. Nbd2 O-O 5. c3 d6 6. e4 Nbd7 7. Bd3 e5 8. O-O
Qe8 9. Re1 Nh5 10. Nc4 f6 11. Be3 Nf4 12. Bxf4 exf4 13. Qd2 g5 14. e5 dxe5 15.
dxe5 Qh5 16. e6 Nc5 17. Bf5 g4 18. Qd5 gxf3 19. e7+ Kh8 20. exf8=Q+ Bxf8 21.
Be4 Qxd5 22. Bxd5 Bg4 23. b4 c6 24. Bxf3 Bxf3 25. gxf3 Na4 26. Rac1 b5 27. Na5
Nxc3 28. Rxc3 Bxb4 29. Rec1 Bxa5 30. Rxc6 Rg8+ 31. Kf1 Rg6 32. Rd1 Bb6 33. Rd7
Rg8 34. Rxf6 Rc8 35. Rxf4 Kg8 36. Re4 h5 37. Re5 h4 38. h3 Kf8 39. Rh5 Rc1+ 40.
Ke2 Kg8 41. Rg5+ Kf8 42. Rxb5 Rh1 43. Rh5 Kg8 44. Rxh4 Rh2 45. Rg4+ Kf8 46.
Rf4+ Ke8 47. Rb7 Rxf2+ 48. Kd3 Rxa2 49. Rh4 Ra3+ 50. Kc2 1-0

[Event "Groningen 2009 - Open A"]
[Site "Groningen NED"]
[Date "2009.12.27"]
[Round "6.23"]
[White "Hirth, Ulrich"]
[Black "Jellema, Yme Jan"]
[Result "1-0"]
[WhiteElo "2108"]
[BlackElo "2193"]
[PlyCount "113"]
[EventDate "2009.12.21"]
[EventType "swiss"]
[EventRounds "9"]
[EventCountry "NED"]
[Source "lmi"]
[SourceDate "2009.12.21"]

1. g3 b6 2. Bg2 c6 3. b3 d5 4. Bb2 Nd7 5. c4 Ngf6 6. cxd5 cxd5 7. Nc3 e6 8. Rc1
Ba6 9. Nf3 Bd6 10. O-O O-O 11. d3 Qe7 12. Re1 Rac8 13. Rc2 Rfd8 14. Qa1 e5 15.
Rec1 e4 16. Ne1 Qe6 17. d4 Qf5 18. Nd1 Rxc2 19. Rxc2 Qh5 20. Bf1 Nf8 21. Ne3
Ne6 22. N1g2 Ng5 23. Nh4 g6 24. Qc1 Ne6 25. Qd2 Nf4 26. Bc3 Rc8 27. Bb4 Rxc2
28. Nxc2 Bb8 29. Be7 Kg7 30. Nb4 Nxe2+ 31. Bxe2 Qxe2 32. Nf5+ Kg8 33. Qxe2 Bxe2
34. Bxf6 gxf5 35. Nxd5 Kf8 36. Be5 Bxe5 37. dxe5 Bb5 38. Nf4 Ke7 39. Kg2 Bc6
40. Kh3 f6 41. e6 Kd6 42. Kh4 Be8 43. Nh5 Bxh5 44. Kxh5 Kxe6 45. Kh6 f4 46.
gxf4 Kf5 47. Kxh7 Kxf4 48. Kg6 Kf3 49. Kf5 Kxf2 50. Kxe4 Ke2 51. h4 Kd2 52. h5
Kc2 53. h6 Kb2 54. h7 Kxa2 55. h8=Q Kxb3 56. Qxf6 Ka4 57. Qa1+ 1-0

[Event "Groningen 2009 - Open A"]
[Site "Groningen NED"]
[Date "2009.12.27"]
[Round "6.24"]
[White "Efroimski, Marsel"]
[Black "Rauw, Gert Jan"]
[Result "1-0"]
[WhiteElo "2150"]
[BlackElo "2070"]
[PlyCount "83"]
[EventDate "2009.12.21"]
[EventType "swiss"]
[EventRounds "9"]
[EventCountry "NED"]
[Source "lmi"]
[SourceDate "2009.12.21"]

1. e4 c6 2. d4 d5 3. f3 e6 4. Nc3 Bb4 5. Bd2 Nf6 6. e5 Nfd7 7. f4 Be7 8. Nf3 c5
9. Be3 Nc6 10. Qd2 Qa5 11. Be2 Rb8 12. O-O b5 13. a3 Ba6 14. dxc5 Qc7 15. b4
O-O 16. Nd4 Nxd4 17. Bxd4 Qc6 18. Qd3 f6 19. a4 bxa4 20. Qxa6 Qxa6 21. Bxa6
Rxb4 22. exf6 gxf6 23. Bf2 Nxc5 24. Bxc5 Bxc5+ 25. Kh1 Bd4 26. Ra3 Rfb8 27.
Nxa4 Rb1 28. g3 Rxf1+ 29. Bxf1 e5 30. Kg2 Rc8 31. c3 Be3 32. Kf3 Bg1 33. Kg2
Be3 34. fxe5 fxe5 35. c4 d4 36. Bd3 h6 37. Ra2 Kf8 38. Kf3 Ke7 39. Ke4 Ke6 40.
Nb2 Rc7 41. Nd1 Bg5 42. Ra6+ 1-0

[Event "Groningen 2009 - Open A"]
[Site "Groningen NED"]
[Date "2009.12.27"]
[Round "6.25"]
[White "Groenewold, Jan Joris"]
[Black "Piasetski, Leon"]
[Result "1/2-1/2"]
[WhiteElo "2145"]
[BlackElo "2269"]
[PlyCount "74"]
[EventDate "2009.12.21"]
[EventType "swiss"]
[EventRounds "9"]
[EventCountry "NED"]
[Source "lmi"]
[SourceDate "2009.12.21"]

1. d4 Nf6 2. Nf3 g6 3. c4 Bg7 4. Nc3 O-O 5. e4 d6 6. h3 e5 7. d5 a5 8. Bg5 Qe8
9. g4 Na6 10. Nd2 Kh8 11. Bd3 Bd7 12. Qf3 Nb4 13. Bb1 Ng8 14. a3 f6 15. Be3 f5
16. axb4 axb4 17. Rxa8 Qxa8 18. gxf5 bxc3 19. bxc3 Qc8 20. Rg1 gxf5 21. exf5
Bxf5 22. Bxf5 Qxf5 23. Qxf5 Rxf5 24. c5 Ne7 25. c4 Rh5 26. cxd6 cxd6 27. Ke2
Nf5 28. Ra1 Bh6 29. Bxh6 Rxh6 30. Ra8+ Kg7 31. Ra7 Rxh3 32. Rxb7+ Kg6 33. Ne4
Rh4 34. Kd3 Rh3+ 35. Kd2 Rh4 36. Kd3 Rh3+ 37. Kd2 Rh4 1/2-1/2

[Event "Groningen 2009 - Open A"]
[Site "Groningen NED"]
[Date "2009.12.27"]
[Round "6.26"]
[White "Paulet, Iozefina"]
[Black "Potze, Rudolf"]
[Result "1-0"]
[WhiteElo "2312"]
[BlackElo "2132"]
[PlyCount "87"]
[EventDate "2009.12.21"]
[EventType "swiss"]
[EventRounds "9"]
[EventCountry "NED"]
[Source "lmi"]
[SourceDate "2009.12.21"]

1. e4 c5 2. Nc3 e5 3. Bc4 Nf6 4. d3 Be7 5. f4 d6 6. Nf3 Nc6 7. O-O h6 8. Qe1
Be6 9. Bxe6 fxe6 10. Qg3 exf4 11. Bxf4 g5 12. Be3 e5 13. h4 Nh5 14. Qg4 Nf4 15.
Bxf4 gxf4 16. Nd5 Qd7 17. Qg6+ Kd8 18. c3 Qe8 19. Qxe8+ Rxe8 20. b4 cxb4 21.
cxb4 Kd7 22. Rfc1 Bd8 23. Kh2 a5 24. a3 Rg8 25. b5 Na7 26. a4 Rc8 27. Nd2 Rg3
28. Nc4 Ke6 29. b6 Nc6 30. Nxa5 Bxh4 31. Nxb7 Rcg8 32. Rxc6 Rxg2+ 33. Kh1 R8g3
34. Nc5+ Kf7 35. Rc7+ Kg6 36. Ne6 Bg5 37. Rg7+ Kh5 38. Nxg5 hxg5 39. Rh7+ Kg6
40. Rh2 Rxh2+ 41. Kxh2 Rxd3 42. Rb1 g4 43. b7 Rh3+ 44. Kg1 1-0

[Event "Groningen 2009 - Open A"]
[Site "Groningen NED"]
[Date "2009.12.27"]
[Round "6.27"]
[White "Balje, Jan"]
[Black "Slagter, David"]
[Result "1/2-1/2"]
[WhiteElo "2188"]
[BlackElo "2108"]
[PlyCount "93"]
[EventDate "2009.12.21"]
[EventType "swiss"]
[EventRounds "9"]
[EventCountry "NED"]
[Source "lmi"]
[SourceDate "2009.12.21"]

1. d4 Nf6 2. c4 g6 3. Nc3 Bg7 4. e4 d6 5. Nf3 O-O 6. h3 e5 7. d5 a5 8. Bg5 Na6
9. g4 Qe8 10. Rg1 Nd7 11. Bd3 Ndc5 12. Bb1 Kh8 13. Qe2 f5 14. gxf5 gxf5 15.
exf5 e4 16. f6 Bxf6 17. Bxf6+ Rxf6 18. Ng5 Bf5 19. Ngxe4 Bxe4 20. Bxe4 Nxe4 21.
Nxe4 Rf4 22. Rg4 Rxg4 23. hxg4 Qg6 24. O-O-O Re8 25. Re1 Nc5 26. f3 Kg7 27. Qe3
Nxe4 28. fxe4 Re5 29. Qf3 Qf6 30. Qxf6+ Kxf6 31. Kd2 Rg5 32. Rf1+ Ke7 33. Rf4
h5 34. gxh5 Rxh5 35. Ke3 Rh3+ 36. Rf3 Rh4 37. b3 Rh1 38. Rf2 Rh3+ 39. Kd4 Rh1
40. Ke3 c5 41. Kf4 Rh4+ 42. Kf5 Rh8 43. Rf3 Rf8+ 44. Kg4 Rg8+ 45. Kf4 Rf8+ 46.
Ke3 Rh8 47. a4 1/2-1/2

[Event "Groningen 2009 - Open A"]
[Site "Groningen NED"]
[Date "2009.12.27"]
[Round "6.28"]
[White "Vergert ten, Paul"]
[Black "Lyell, Mark"]
[Result "0-1"]
[WhiteElo "2071"]
[BlackElo "2245"]
[PlyCount "56"]
[EventDate "2009.12.21"]
[EventType "swiss"]
[EventRounds "9"]
[EventCountry "NED"]
[Source "lmi"]
[SourceDate "2009.12.21"]

1. e4 e5 2. Nf3 Nc6 3. Bc4 Nf6 4. Ng5 d5 5. exd5 Na5 6. Bb5+ c6 7. dxc6 bxc6 8.
Be2 Bc5 9. c3 Nb7 10. b4 Bb6 11. O-O Nd5 12. d4 exd4 13. Bd3 Qf6 14. Qe1+ Be6
15. c4 Nc3 16. c5 Bc7 17. Nf3 h6 18. Bb2 O-O-O 19. Nxc3 dxc3 20. Bxc3 Qf4 21.
Be4 Rhe8 22. Bxc6 Bd5 23. Bxe8 Bxf3 24. g3 Qf5 25. c6 Qh3 26. Bd7+ Rxd7 27.
cxd7+ Kb8 28. Qe8+ Nd8 0-1

[Event "Groningen 2009 - Open A"]
[Site "Groningen NED"]
[Date "2009.12.27"]
[Round "6.29"]
[White "Cako, Laszlo"]
[Black "Holm, Sejer"]
[Result "1-0"]
[WhiteElo "2155"]
[BlackElo "2256"]
[PlyCount "31"]
[EventDate "2009.12.21"]
[EventType "swiss"]
[EventRounds "9"]
[EventCountry "NED"]
[Source "lmi"]
[SourceDate "2009.12.21"]

1. e4 e6 2. d4 d5 3. Nc3 dxe4 4. Nxe4 Nd7 5. Nf3 Ngf6 6. Bg5 h6 7. Nxf6+ Nxf6
8. Bh4 c5 9. Bd3 Bd6 10. dxc5 Qa5+ 11. c3 Qxc5 12. O-O Bd7 13. Qe2 Nd5 14. Be4
Nf4 15. Qd2 Bc6 16. b4 1-0

[Event "Groningen 2009 - Open A"]
[Site "Groningen NED"]
[Date "2009.12.27"]
[Round "6.30"]
[White "Herwaarden van, Arjen"]
[Black "Warmelink, Evie"]
[Result "1/2-1/2"]
[WhiteElo "2162"]
[BlackElo "1970"]
[PlyCount "25"]
[EventDate "2009.12.21"]
[EventType "swiss"]
[EventRounds "9"]
[EventCountry "NED"]
[Source "lmi"]
[SourceDate "2009.12.21"]

1. e4 c5 2. d3 Nc6 3. g3 g6 4. Bg2 Bg7 5. f4 e6 6. Nf3 Nge7 7. O-O O-O 8. c3 d5
9. e5 b5 10. Be3 c4 11. Re1 Rb8 12. Na3 Qc7 13. Nc2 1/2-1/2

[Event "Groningen 2009 - Open A"]
[Site "Groningen NED"]
[Date "2009.12.28"]
[Round "7.1"]
[White "Swinkels, Robin"]
[Black "Reinderman, Dimitri"]
[Result "1/2-1/2"]
[WhiteElo "2500"]
[BlackElo "2575"]
[PlyCount "69"]
[EventDate "2009.12.21"]
[EventType "swiss"]
[EventRounds "9"]
[EventCountry "NED"]
[Source "lmi"]
[SourceDate "2009.12.21"]

1. e4 c5 2. Nf3 d6 3. d4 cxd4 4. Nxd4 Nf6 5. Nc3 g6 6. Be3 Bg7 7. f3 O-O 8. Qd2
Nc6 9. O-O-O d5 10. exd5 Nxd5 11. Nxc6 bxc6 12. Bd4 Bxd4 13. Qxd4 Qb6 14. Na4
Qa5 15. b3 Qc7 16. h4 h5 17. Bc4 Rd8 18. g4 hxg4 19. h5 g5 20. fxg4 Qf4+ 21.
Qxf4 gxf4 22. Nc3 Bb7 23. Bxd5 cxd5 24. Rhe1 Rd7 25. Rd4 f3 26. Rf4 d4 27. Ne4
d3 28. c3 Bxe4 29. Rexe4 d2+ 30. Kd1 Rd3 31. Rxe7 Rad8 32. Rfxf7 Rxc3 33. Rg7+
Kf8 34. Ref7+ Ke8 35. Re7+ 1/2-1/2

[Event "Groningen 2009 - Open A"]
[Site "Groningen NED"]
[Date "2009.12.28"]
[Round "7.2"]
[White "Nyzhnyk, Illya"]
[Black "Chadaev, Nikolai"]
[Result "1-0"]
[WhiteElo "2494"]
[BlackElo "2567"]
[PlyCount "93"]
[EventDate "2009.12.21"]
[EventType "swiss"]
[EventRounds "9"]
[EventCountry "NED"]
[Source "lmi"]
[SourceDate "2009.12.21"]

1. d4 d5 2. c4 c6 3. Nf3 Nf6 4. Qc2 dxc4 5. Qxc4 Bf5 6. g3 e6 7. Bg2 Nbd7 8.
O-O Be7 9. Nc3 O-O 10. e3 h6 11. Qe2 Ne4 12. Nd2 Nxd2 13. Bxd2 Bg6 14. e4 Rc8
15. Be3 Qa5 16. Rfd1 Nf6 17. a3 Rfd8 18. h3 Rd7 19. Rac1 Rcd8 20. g4 c5 21. d5
exd5 22. exd5 Re8 23. Nb5 Qd8 24. Nxa7 Ne4 25. Qc4 Bf6 26. Qb3 Re5 27. d6 Re6
28. Nb5 Nxd6 29. Rxc5 Nxb5 30. Rxd7 Qxd7 31. Rxb5 Rd6 32. Rd5 Rxd5 33. Qxd5 Qa4
34. Qxb7 Qd1+ 35. Kh2 Qd6+ 36. f4 Bd4 37. Qc8+ Kh7 38. Qc1 Bxe3 39. Qxe3 f5 40.
b4 Qa6 41. Kg3 Qc4 42. Bf3 Qa6 43. Be2 Qb7 44. b5 fxg4 45. hxg4 Be4 46. a4 Bh1
47. Bf1 1-0

[Event "Groningen 2009 - Open A"]
[Site "Groningen NED"]
[Date "2009.12.28"]
[Round "7.3"]
[White "Werle, Jan"]
[Black "Nijboer, Friso"]
[Result "1-0"]
[WhiteElo "2565"]
[BlackElo "2561"]
[PlyCount "79"]
[EventDate "2009.12.21"]
[EventType "swiss"]
[EventRounds "9"]
[EventCountry "NED"]
[Source "lmi"]
[SourceDate "2009.12.21"]

1. d4 f5 2. Nc3 Nf6 3. Bg5 d5 4. Bxf6 exf6 5. e3 Be6 6. Qf3 Nc6 7. Bb5 Qd6 8.
Nge2 O-O-O 9. Nf4 Bf7 10. O-O Kb8 11. Nd3 g6 12. Rab1 Bg7 13. Ba4 Ne7 14. b4 h5
15. Nc5 h4 16. Qe2 Nc8 17. Bb3 g5 18. a4 f4 19. a5 f5 20. Qb5 Nb6 21. axb6 cxb6
22. Ra1 bxc5 23. bxc5 Qd7 24. Qxd7 Rxd7 25. Nb5 a6 26. Nd6 fxe3 27. fxe3 f4 28.
c3 h3 29. Nxf7 hxg2 30. Kxg2 Rxf7 31. Bxd5 Re7 32. e4 Rh6 33. Rab1 Bf8 34. h3
Reh7 35. e5 b5 36. Be4 Rh8 37. Bf5 Kc7 38. Kf3 Be7 39. Ke4 Rb8 40. Rb3 1-0

[Event "Groningen 2009 - Open A"]
[Site "Groningen NED"]
[Date "2009.12.28"]
[Round "7.4"]
[White "Giri, Anish"]
[Black "Greenfeld, Alon"]
[Result "1/2-1/2"]
[WhiteElo "2585"]
[BlackElo "2559"]
[PlyCount "75"]
[EventDate "2009.12.21"]
[EventType "swiss"]
[EventRounds "9"]
[EventCountry "NED"]
[Source "lmi"]
[SourceDate "2009.12.21"]

1. e4 e5 2. Nf3 Nc6 3. Bb5 a6 4. Ba4 Nf6 5. O-O Be7 6. Re1 b5 7. Bb3 O-O 8. a4
b4 9. d4 d6 10. dxe5 dxe5 11. Qxd8 Rxd8 12. a5 Bb7 13. Nbd2 Bc5 14. Bc4 Nd4 15.
Nxd4 Bxd4 16. h3 h6 17. Kf1 Bc6 18. g4 Bxb2 19. Bxb2 Rxd2 20. Bd3 Bb5 21. Bxb5
axb5 22. Re2 Rxe2 23. Kxe2 Nxe4 24. Bxe5 c5 25. Ke3 Ng5 26. a6 f6 27. Bd6 Re8+
28. Kd3 Ne4 29. Bg3 Nxg3 30. fxg3 Kf7 31. a7 Ra8 32. Ke4 Ke6 33. Ra6+ Kd7 34.
Kd5 c4 35. Ra5 b3 36. cxb3 cxb3 37. Rxb5 Rxa7 38. Rxb3 1/2-1/2